[Event "92nd ARG-ch Final 2017"]
[Site "Buenos Aires"]
[Date "2017.10.13"]
[Round "2"]
[White "Acosta, Pablo Ismael"]
[Black "Villanueva, Mario"]
[Result "1/2-1/2"]
[WhiteElo "2409"]
[BlackElo "2451"]
[Annotator "TA"]
[PlyCount "83"]
[EventDate "2017.10.12"]
[EventType "tourn"]
[EventCountry "ARG"]
[SourceTitle "playchess.com"]
[Source "ChessBase"]
[SourceQuality "1"]

{[%evp 21,83,-22,-33,-54,-50,-51,-46,-54,-54,-69,-47,-75,-66,-104,-100,-86,-94,-104,-105,-91,-29,-26,-20,-32,-25,-18,-20,-24,0,0,0,-3,-2,-8,-9,-9,0,0,0,0,0,0,0,0,211,210,200,193,108,0,0,0,0,0,0,0,0,0,0,0,0,0,0,0]} 1. d4 d5 2. c4 e6 3. Nf3 Nf6 4. g3 dxc4 5. Bg2 Bd7 6. Ne5 Bc6 7. Nxc6 Nxc6 8. Qa4 Qd7 {E04: Open Catalan: 5 Nf3} 9. Bxc6 (9. Qxc4 Nxd4 10. O-O O-O-O 11. Nc3 e5 12. Bg5 Qe6 13. Qa4 Bc5 14. e3 Nc6 15. Rac1 Bb6 16. Bxf6 gxf6 {½-½ (69) Bindrich,F (2594)-Ponomariov,R (2710) Berlin 2015}) 9... Qxc6 10. Qxc6+ bxc6 11. O-O O-O-O {LiveBook: 3 Games} 12. e3 c5 13. dxc5 Rd5 14. c6 $146 ({Predecessor:} 14. Nc3 Rd3 15. c6 Bb4 16. Ne2 {0-1 (33) Yuan,Y (2212)-Ju,W (2568) China 2016}) 14... Rd6 15. b4 Rxc6 16. b5 Rc5 17. a4 c3 18. Ba3 Rc4 19. Bxf8 Rxf8 20. Rc1 Ne4 (20... Nd5 $17) 21. f3 $11 Nc5 {[#] Threatens to win with ...Nb3.} 22. Rxc3 Rxa4 23. Na3 $1 Nb7 24. Rac1 Kb8 25. Nc4 f6 26. Nb2 $1 {[%cal Rb2a4]} Ra5 27. Rxc7 Rxb5 28. Nd3 $1 $36 {[%mdl 2048] White fights for an advantage.} g5 29. Rxh7 a5 30. h4 gxh4 31. gxh4 a4 32. Ra1 Rb3 $2 {[#]} (32... Rd8 $11 {and Black is okay.} 33. Nf2 a3) 33. Rxa4 $18 {aiming for Nb4.} Rxd3 34. Rb4 Rg8+ (34... Kc8 $18) 35. Kh2 (35. Kf1 $16) 35... Rd2+ $11 {The position is equal.} 36. Kh3 Rf2 37. Rbxb7+ Kc8 38. Rhg7 Rxf3+ 39. Kg4 Rxe3 40. Rbc7+ Kd8 41. Rcd7+ Ke8 42. Rde7+ {Precision: White = 75%, Black = 74%.} 1/2-1/2

[Event "92nd ARG-ch Final 2017"]
[Site "Buenos Aires"]
[Date "2017.10.13"]
[Round "2"]
[White "Cuberli, Emiliano"]
[Black "Mareco, Sandro"]
[Result "0-1"]
[WhiteElo "2248"]
[BlackElo "2644"]
[Annotator "TA"]
[PlyCount "48"]
[EventDate "2017.10.12"]
[EventType "tourn"]
[EventCountry "ARG"]
[SourceTitle "playchess.com"]
[Source "ChessBase"]
[SourceQuality "1"]

{[%evp 21,48,-69,-60,-78,-64,-78,-84,-69,-62,-94,-83,-114,-64,-101,-87,-192,-193,-180,-137,-137,-131,-147,-137,-180,-182,-185,-182,-475,-446]} 1. e4 c5 2. Nf3 e6 3. d4 cxd4 4. Nxd4 a6 5. Nc3 Qc7 6. Be3 Nf6 7. Qd2 Bb4 8. f3 d5 9. Nde2 {B43: Sizilianisch (Paulsen-Variante)} dxe4 10. a3 Ba5 11. b4 (11. O-O-O Nbd7 12. Bf4 e5 13. Bg5 O-O 14. Ng3 Bxc3 15. bxc3 Qa5 16. Kb2 Nc5 17. Bxf6 {1-0 (68) Nakamura,H (2775)-Van Wely,L (2654) Dubai 2014}) 11... Bb6 {LiveBook: 3 Partien} 12. Bxb6 Qxb6 13. Nxe4 Nxe4 14. fxe4 O-O 15. Ng3 $146 ({Vorgänger:} 15. Qd4 Qc7 16. Qc3 Nc6 {0-1 (24) Kraus,T (2402)-Babula,V (2542) Havlickuv Brod 2015}) 15... a5 {Droht ...axb4 und aus.} 16. b5 Nd7 17. Qf2 Qc7 18. Bd3 (18. Qe3 $17) 18... Qc3+ $19 19. Ke2 Nc5 20. Rhd1 b6 21. Kf1 Bb7 22. Qf4 Rad8 {[%cal Rc5d3]} 23. Ne2 Qb2 {zielt auf ...f5! ab.} ({Finger weg von} 23... Nxd3 24. cxd3 Qb3 25. Qc7 $17) 24. Ng3 $2 {[#]} (24. Qc1 Qf6+ 25. Qf4) 24... f5 $1 {[%mdl 512] Precision: Weiß = 21%, Schwarz = 52%.} 0-1

[Event "92nd ARG-ch Final 2017"]
[Site "Buenos Aires"]
[Date "2017.10.14"]
[Round "3"]
[White "Mareco, Sandro"]
[Black "Slipak, Sergio"]
[Result "1-0"]
[WhiteElo "2644"]
[BlackElo "2437"]
[Annotator "TA"]
[PlyCount "61"]
[EventDate "2017.10.12"]
[EventType "tourn"]
[EventCountry "ARG"]
[SourceTitle "playchess.com"]
[Source "ChessBase"]
[SourceQuality "1"]

{[%evp 13,61,28,37,22,33,54,45,49,48,46,44,20,26,18,58,38,27,29,29,29,27,23,29,0,40,54,146,139,140,146,230,232,367,366,368,366,358,357,469,452,563,552,605,592,727,660,672,645,658,645]} 1. c4 e6 2. g3 d5 3. Bg2 Nf6 4. Nf3 Be7 5. O-O O-O 6. d4 Na6 7. Nc3 {E06: Closed Catalan: Early deviations} dxc4 {LiveBook: 3 Games} (7... c5 8. cxd5 exd5 9. dxc5 Nxc5 10. Be3 Be6 11. Rc1 Rc8 12. Bd4 h6 13. e3 a6 14. Ne2 Qa5 15. a3 Nce4 16. Qb3 b5 17. Nf4 {1-0 (40) Georgiev,K (2662)-Radulski,J (2593) Albena 2010}) 8. Ne5 c5 9. dxc5 {White is slightly better.} Qc7 {[#] And now ...Rd8 would win.} 10. Nxc4 Rd8 11. Bd2 $146 ({Predecessor:} 11. Qb3 Nxc5 12. Qc2 e5 13. Bg5 Be6 14. Ne3 Na6 {1-0 (43) Zimmerman,Y (2379)-Radulski,J (2515) Cappelle-la-Grande 2006}) 11... Qxc5 12. b3 Nb4 13. Rc1 Qh5 14. a3 $36 {[%mdl 2048] White has good play.} Nc6 ({Not} 14... Ng4 $2 15. h3 $18) 15. e3 Qxd1 16. Rfxd1 Bd7 17. Be1 Be8 18. Nb5 Rxd1 19. Rxd1 Rd8 ({Black should play} 19... Kf8 $14) 20. Rxd8 $16 Nxd8 21. Nxa7 Bd7 (21... b5 $16) 22. Ba5 $18 b5 (22... Nd5 $142 23. Ne5 Nc6) 23. Ne5 Kf8 24. Nxd7+ Nxd7 25. Nxb5 Ne5 26. Bc3 {White is clearly winning.} f6 27. a4 {[%cal Ba3a4,Ba4a5][%mdl 32]} Nec6 28. a5 Bb4 29. Bxc6 Nxc6 30. Bxb4+ Nxb4 31. Nc7 {Precision: White = 93%, Black = 51%.} 1-0

[Event "92nd ARG-ch Final 2017"]
[Site "Buenos Aires"]
[Date "2017.10.14"]
[Round "3"]
[White "Perez Ponsa, Federico"]
[Black "Real De Azua, Ernesto"]
[Result "1/2-1/2"]
[WhiteElo "2594"]
[BlackElo "2484"]
[Annotator "TA"]
[PlyCount "73"]
[EventDate "2017.10.12"]
[EventType "tourn"]
[EventCountry "ARG"]
[SourceTitle "playchess.com"]
[Source "ChessBase"]
[SourceQuality "1"]

{[%evp 19,73,24,23,16,37,36,50,0,0,4,14,9,16,15,23,-1,-18,-14,0,0,0,0,20,-1,32,0,0,0,0,0,0,0,0,0,0,0,0,0,0,0,0,0,0,0,0,0,0,0,0,0,0,-6,-6,-6,0,-19]} 1. e4 e5 2. Nf3 Nc6 3. Bc4 Nf6 4. d3 Bc5 5. c3 d6 6. O-O O-O 7. a4 a5 8. Bg5 {C54: Italienische Partie (Hauptvariante)} h6 9. Bh4 g5 10. Bg3 Kg7 {LiveBook: 3 Partien} 11. Na3 Bxa3 $146 ({Vorgänger:} 11... Bg4 12. Nc2 Nh5 13. Ne3 Bxe3 14. fxe3 Nxg3 15. hxg3 {1-0 (37) Karjakin,S (2781)-So,W (2812) Paris 2017}) 12. Rxa3 Be6 13. Qb3 Bxc4 14. Qxc4 Qc8 15. Rb3 Rb8 16. Nd2 Qe6 17. Qxe6 fxe6 18. f3 Nh5 (18... b6 {is more complex.} 19. Ra3 Nh5 20. Raa1 Kf6 21. Nc4 Rbd8) 19. Nc4 Nxg3 (19... Kg6 {feels hotter.} 20. Rd1 Nxg3 21. hxg3 h5 22. Ne3 Rh8) 20. hxg3 b6 21. Rd1 Rbd8 22. Ra3 h5 {Die Stellung ist ausgeglichen.} 23. Raa1 Rf7 24. Kf2 Kg6 25. Ke2 Rh7 26. Rac1 d5 27. Na3 h4 28. gxh4 Rxh4 29. Nb5 Rd7 30. Rh1 Rdh7 31. Rxh4 gxh4 $11 {[%mdl 4096] Endspiel KTS-KTS} 32. Rh1 Nb8 33. d4 c6 34. Na3 Nd7 35. Nc2 dxe4 36. fxe4 Nf6 37. dxe5 {Precision: Weiß = 47%, Schwarz = 63%.} 1/2-1/2

[Event "92nd ARG-ch Final 2017"]
[Site "Buenos Aires"]
[Date "2017.10.14"]
[Round "3"]
[White "Flores, Diego"]
[Black "Krysa, Leandro"]
[Result "1/2-1/2"]
[WhiteElo "2574"]
[BlackElo "2545"]
[Annotator "TA"]
[PlyCount "54"]
[EventDate "2017.10.12"]
[EventType "tourn"]
[EventCountry "ARG"]
[SourceTitle "playchess.com"]
[Source "ChessBase"]
[SourceQuality "1"]

{[%evp 9,54,-7,-4,-14,-6,-9,-3,-12,5,-7,-8,-16,0,0,0,-2,0,-2,0,0,5,5,5,6,8,11,22,10,10,10,10,10,10,10,10,10,10,10,10,8,8,8,8,8,8,8,10]} 1. g3 Nf6 2. Bg2 d5 3. Nf3 g6 4. b4 c6 5. Bb2 a5 {The position is equal.} 6. a3 {A07: Réti Opening: New York and Capablanca Systems} axb4 7. axb4 Rxa1 8. Bxa1 Qb6 $146 ({Predecessor:} 8... Na6 9. c3 Bg7 10. d3 O-O 11. O-O Bg4 12. Nbd2 Nd7 13. h3 Bxf3 14. Bxf3 e6 15. Bg2 Qb6 16. Qc2 Ra8 17. Bb2 Nc7 18. Ra1 Rxa1+ 19. Bxa1 {½-½ (19) Smyslov,V (2580)-Grefe,J (2420) Lone Pine 1976}) 9. Bxf6 exf6 10. c3 Bd6 11. O-O O-O 12. d3 Bg4 13. Nbd2 Na6 14. Qc2 Bxf3 15. Bxf3 Nc7 16. Ra1 f5 17. e3 Ne6 18. c4 {aiming for c5.} Bxb4 19. cxd5 cxd5 20. Bxd5 Qc5 21. Qxc5 Nxc5 22. d4 Bxd2 23. dxc5 Rc8 24. Rd1 Ba5 25. Rc1 Bb4 26. Rb1 Rxc5 27. Bxb7 Bc3 {Precision: White = 66%, Black = 70%.} 1/2-1/2

[Event "92nd ARG-ch Final 2017"]
[Site "Buenos Aires"]
[Date "2017.10.14"]
[Round "3"]
[White "Sosa, Tomas"]
[Black "Pichot, Alan"]
[Result "0-1"]
[WhiteElo "2466"]
[BlackElo "2571"]
[Annotator "TA"]
[PlyCount "94"]
[EventDate "2017.10.12"]
[EventType "tourn"]
[EventCountry "ARG"]
[SourceTitle "playchess.com"]
[Source "ChessBase"]
[SourceQuality "1"]

{[%evp 18,94,29,32,29,16,8,-3,0,-13,-14,-20,10,-9,0,0,8,-25,0,-3,-17,-21,-14,-15,-5,-3,-2,-22,-20,-31,-29,-22,-18,-29,-20,-100,-89,-111,-89,-160,-154,-158,-163,-267,-264,-233,-252,-244,-266,-250,-230,-411,-403,-374,-322,-293,-265,-285,-246,-470,-279,-937,-660,-29987,-639,-29975,-29976,-29976,-29977,-29972,-29973,-29985,-29986,-29986,-29987,-29987,-29988,-29989,-29990]} 1. e4 c5 2. Nf3 Nc6 3. Bb5 d6 4. O-O Bd7 5. c3 Nf6 6. Re1 a6 7. Ba4 b5 8. Bc2 Bg4 9. h3 Bxf3 10. Qxf3 {LiveBook: 65 Partien} e6 {B51: Sizilianisch (Rossolimo-Variante)} (10... g6 11. a4 Rb8 12. axb5 axb5 13. Qd1 Bh6 14. Na3 O-O 15. Bd3 c4 16. Bf1 Na5 17. d3 Bxc1 18. Rxc1 cxd3 19. Qxd3 {½-½ (25) Andriasian,Z (2612)-Moiseenko,A (2695) Jerusalem 2015}) 11. a4 Be7 12. axb5 axb5 {[%cal Ba6b5,Bb5b4][%mdl 32] Die Stellung ist ausgeglichen.} 13. Rxa8 Qxa8 14. Na3 Qb7 $146 15. Qe2 b4 16. Nc4 O-O 17. Ba4 Ra8 18. b3 Bf8 19. Bb2 bxc3 20. Bxc3 Nd4 $36 {[%mdl 2048] Schwarz steht aktiver.} 21. Bxd4 cxd4 22. Nxd6 Bxd6 23. e5 {[#]} Bxe5 $1 {[%mdl 512]} 24. Qxe5 Qb4 25. Qe2 Rc8 26. Qd3 (26. Qa6 $11 Rc2 27. Qa8+ Qf8 28. Qf3) 26... Rc5 $17 27. f4 g6 28. Kh2 (28. g3 $142) 28... Rf5 $1 29. g3 {[#]} h5 $1 {[%cal Rh5h4]} 30. Re5 {[#]} (30. Rf1 {ist eine bessere Verteidigung.}) 30... h4 $1 $19 {[%cal Rh4g3][%mdl 512]} 31. Rxf5 (31. gxh4 Rxf4) 31... hxg3+ ({Keinesfalls} 31... exf5 32. gxh4 Nh5 33. Qe2 $17) 32. Kxg3 exf5 33. Kf2 Nh5 34. Ke1 $2 (34. Qe2) 34... Nxf4 35. Qf3 d3 36. Bc6 Qd6 {...Se2 ist eine echte Drohung.} ({Bloß nicht} 36... Qxb3 37. Qxf4 Qe6+ 38. Kf2 $19) 37. Qe3 g5 ({Jedoch nicht} 37... Qxc6 38. Qxf4 Qb6 39. Qg5 $19) 38. Bf3 $2 (38. Bh1) 38... Kg7 (38... Nxh3 $142 {Und weiter mit ...g4 wäre nett.} 39. Kf1 Kg7) 39. Kd1 $2 (39. Bh1) 39... Qf6 {[%cal Rf6a1]} 40. Qc5 Qa1+ 41. Qc1 Qa7 {[%cal Ra7g1] Schwarz setzt Matt.} 42. Qc3+ f6 {[%cal Ra7g1]} 43. Kc1 Ne2+ 44. Bxe2 dxe2 45. d4 Qe7 46. Qe1 Qe3+ 47. Kc2 f4 {Precision: Weiß = 28%, Schwarz = 81%.} 0-1

[Event "92nd ARG-ch Final 2017"]
[Site "Buenos Aires"]
[Date "2017.10.14"]
[Round "3"]
[White "Valerga, Diego"]
[Black "Acosta, Pablo Ismael"]
[Result "1/2-1/2"]
[WhiteElo "2452"]
[BlackElo "2409"]
[Annotator "TA"]
[PlyCount "133"]
[EventDate "2017.10.12"]
[EventType "tourn"]
[EventCountry "ARG"]
[SourceTitle "playchess.com"]
[Source "ChessBase"]
[SourceQuality "1"]

{[%evp 18,133,48,44,42,42,50,32,52,22,35,3,6,0,0,0,42,13,22,0,0,0,0,0,16,-27,-23,-32,0,0,15,21,49,33,9,0,0,0,0,0,0,0,0,0,0,0,0,0,9,9,9,13,14,0,0,0,0,-119,-89,-86,-87,-87,-97,-88,-71,-70,-22,-17,-15,-17,-8,-8,-8,-8,-8,-8,-12,-24,-8,-8,-8,-12,-5,-67,-67,-66,-62,-61,-61,-61,-61,-61,-61,-61,-61,-69,-69,-69,-69,-69,-69,-69,-69,-68,-68,-68,-68,-69,-69,-69,-69,-69,-69,-69,-69,-69,-69,-69]} 1. d4 Nf6 2. c4 e6 3. Nc3 Bb4 4. Nf3 O-O 5. Bg5 d6 6. e3 b6 7. Bd3 Bb7 8. O-O Bxc3 9. bxc3 h6 10. Bh4 $1 {LiveBook: 14 Partien} Re8 {E13: Damenindisch (5.Lg5)} (10... Nbd7 11. Nd2 e5 12. Qc2 Qe8 13. e4 Nh5 14. Rfe1 Qe6 15. f3 Rfe8 16. Bf2 Nf4 17. Bf1 Qf6 18. Rad1 Re7 19. Nb3 Ne6 20. Be3 Qg6 {1-0 (51) Tan,Z (2509)-Pham,L (2354) Ashkhabad 2017}) 11. Nd2 e5 {[%cal Be6e5,Be5e4][%mdl 32]} 12. Qc2 Nbd7 {Weiß steht etwas besser.} 13. Rae1 $146 ({Vorgänger:} 13. Bf5 Nf8 14. Rae1 Qe7 15. f4 e4 16. d5 Ba6 17. Qa4 Bb7 18. Nxe4 Qxe4 19. Bxe4 Nxe4 {0-1 (53) Boetzer,D (2280)-Wlodarczyk,O (2285) Germany 2007}) 13... Qe7 14. f3 g5 15. Bf2 e4 16. Be2 Kg7 17. d5 Nc5 18. Nb3 Bc8 19. Nd4 Bd7 20. f4 Ng4 21. h3 Nxf2 22. Rxf2 Rf8 23. Ref1 Rae8 24. Qd2 f5 25. fxg5 Qxg5 26. Rf4 Rf6 27. Kh2 Rg6 {[%csl Gg6][%cal Rg5g2] [#]} 28. g4 fxg4 29. Bxg4 Bxg4 $40 {[%mdl 128] Weiss muss sich nun genau verteidigen.} 30. Rxg4 Qe5+ 31. Kg2 Rxg4+ 32. hxg4 {Droht Tf5 und aus.} Rf8 33. Nf5+ Kh7 $1 34. Rh1 Rf6 $1 35. Qd4 Nd3 {Weiss muss nun ...Txf5 beachten.} 36. Rh5 Rg6 37. Ng3 (37. Rh4 $11) 37... Qxd4 38. cxd4 Rxg4 $17 {[%mdl 4096] Endspiel KTS-KTS} 39. Rf5 Nb2 40. Kh3 Rg7 41. c5 bxc5 42. dxc5 dxc5 43. Rf6 Rd7 44. Nxe4 Rxd5 {Und weiter mit ...Te5 wäre nett.} 45. Rc6 {[#] Sf6+ ist eine echte Drohung.} Re5 46. Rxc7+ Kg6 47. Rc6+ Kf7 48. Nxc5 Rxe3+ 49. Kg4 Rc3 50. Rxh6 ({Besser ist} 50. Kf5 $11) 50... Rxc5 $11 {KTS-KT. Schwarz steht etwas besser.} 51. Rh7+ Kg6 52. Rxa7 Rc4+ 53. Kf3 Na4 54. Ke3 Nc5 55. Ra8 Kf5 56. a4 Nxa4 57. Rf8+ Ke5 58. Re8+ Kd6 59. Rd8+ Ke7 60. Rd4 Rc3+ 61. Rd3 Rc1 62. Ra3 Rc4 63. Rd3 Nc5 64. Rd5 Ke6 65. Rh5 Nd7 66. Kd3 Ra4 67. Rh8 {Precision: Weiß = 59%, Schwarz = 73%.} 1/2-1/2

[Event "92nd ARG-ch Final 2017"]
[Site "Buenos Aires"]
[Date "2017.10.14"]
[Round "3"]
[White "Villanueva, Mario"]
[Black "Cuberli, Emiliano"]
[Result "1-0"]
[WhiteElo "2451"]
[BlackElo "2248"]
[Annotator "TA"]
[PlyCount "43"]
[EventDate "2017.10.12"]
[EventType "tourn"]
[EventCountry "ARG"]
[SourceTitle "playchess.com"]
[Source "ChessBase"]
[SourceQuality "1"]

{[%evp 21,43,16,56,18,67,-25,20,12,72,75,154,110,106,140,160,152,181,159,181,177,250,221,278,268]} 1. e4 c5 2. Nf3 a6 3. Nc3 d6 4. d4 cxd4 5. Nxd4 Nf6 6. Bg5 Nbd7 7. Qe2 {B94: Sicilian Najdorf: 6 Bg5 Nbd7} h6 8. Bh4 g6 9. f4 e5 10. fxe5 dxe5 11. O-O-O Be7 {LiveBook: 5 Games} 12. Nf3 {Nxe5 is the strong threat.} Qa5 $146 ({Predecessor:} 12... Qc7 13. Qc4 Qxc4 14. Bxc4 b5 15. Bb3 Bb7 16. Bxf6 Nxf6 17. Nxe5 Rh7 18. Rhf1 {1-0 (18) Kryvoruchko,Y (2711)-Riff,J (2507) Al Ain 2015}) 13. Qc4 ({Better is} 13. Kb1 $14) 13... O-O 14. Nd5 Bd8 (14... Nxd5 $11 {remains equal.} 15. Rxd5 Qd8 16. Bxe7 Qxe7) 15. Be1 $16 Qb5 (15... Qc5 $142) 16. Qxb5 axb5 17. Nxf6+ Bxf6 18. Bb4 $36 {[%mdl 2048] White is really pushing.} Rxa2 19. Bxf8 Nxf8 20. Bxb5 Ra1+ 21. Kd2 Ra5 22. c4 {Precision: White = 69%, Black = 10%.} 1-0

[Event "92nd ARG-ch Final 2017"]
[Site "Buenos Aires"]
[Date "2017.10.14"]
[Round "3"]
[White "Pierrot, Facundo"]
[Black "Dolezal, Cristian"]
[Result "1/2-1/2"]
[WhiteElo "2405"]
[BlackElo "2426"]
[Annotator "TA"]
[PlyCount "75"]
[EventDate "2017.10.12"]
[EventType "tourn"]
[EventCountry "ARG"]
[SourceTitle "playchess.com"]
[Source "ChessBase"]
[SourceQuality "1"]

{[%evp 23,75,1,12,-12,0,-18,-14,-18,-16,-32,-17,-20,-20,-31,-21,-41,-14,-39,0,-38,0,0,0,-1,0,0,0,-20,-8,-8,-8,-12,-2,-16,0,0,0,0,0,0,0,0,0,0,0,0,0,0,0,0,0,0,0,0]} 1. e4 e5 2. Nf3 Nc6 3. Bb5 a6 4. Ba4 Nf6 5. O-O b5 6. Bb3 Bc5 7. d3 O-O 8. a4 {C78: Ruy Lopez: Archangelsk and Möller Defences} (8. Nc3 h6 9. Be3 d6 10. Nd5 Be6 11. Qe2 Re8 12. c3 Bxd5 13. Bxd5 Nxd5 14. exd5 Nd4 15. Qd1 Nf5 16. d4 exd4 17. Bxd4 Bxd4 {½-½ (17) Nguyen,N (2634)-Kasimdzhanov,R (2704) Berlin 2015}) 8... Rb8 9. axb5 axb5 10. Nc3 h6 11. Be3 Bxe3 12. fxe3 d6 {LiveBook: 6 Games} 13. Qe1 Be6 14. Nd2 $146 ({Predecessor:} 14. Nd5 Bxd5 15. Bxd5 Nxd5 16. exd5 {½-½ (47) Jamilov,R (2385)-Simantsev,M (2488) Saratov 2008}) 14... Nb4 {[#] aiming for ...Bxb3.} 15. Na2 Nxa2 16. Rxa2 Ra8 17. Rxa8 Qxa8 18. Qg3 {[#] And now Rxf6 would win.} Kh7 19. Qe1 Qa7 20. h3 Ra8 21. Kh2 c6 22. Bxe6 {The position is equal.} fxe6 23. Nf3 Qe7 24. b4 Ra3 25. Nd2 Ra2 26. Qb1 Qa7 27. Qb3 d5 28. Nf3 Qa4 (28... Ra1 {is more complex.} 29. Rxa1 Qxa1 30. exd5 cxd5 31. e4 Kg8) 29. Nxe5 Rxc2 30. Qxa4 bxa4 $11 {[%mdl 4096] Endgame KRN-KRN} 31. Ra1 dxe4 32. dxe4 c5 33. Rxa4 cxb4 34. Rxb4 Rc3 35. Nf7 Rxe3 36. Nd8 Rxe4 37. Rxe4 Nxe4 38. Nxe6 {Precision: White = 42%, Black = 44%.} 1/2-1/2

[Event "92nd ARG-ch Final 2017"]
[Site "Buenos Aires"]
[Date "2017.10.15"]
[Round "4"]
[White "Flores, Diego"]
[Black "Sosa, Tomas"]
[Result "1-0"]
[WhiteElo "2574"]
[BlackElo "2466"]
[Annotator "TA"]
[PlyCount "147"]
[EventDate "2017.10.12"]
[EventType "tourn"]
[EventCountry "ARG"]
[SourceTitle "playchess.com"]
[Source "ChessBase"]
[SourceQuality "1"]

{[%evp 16,147,25,31,52,52,108,107,104,90,100,89,90,50,54,52,53,52,95,88,90,94,85,80,130,108,116,124,104,129,118,124,110,116,119,118,99,115,132,106,108,117,101,80,89,46,54,38,77,43,46,26,82,34,25,27,31,27,44,0,15,0,83,48,91,86,143,143,149,143,213,222,222,218,207,19,24,22,37,8,8,-1,75,26,75,2,16,16,60,60,60,63,87,87,82,75,75,75,75,75,75,73,75,75,75,75,243,253,249,260,250,70,70,70,70,70,70,70,235,227,660,660,652,621,660,652,29976,29978,29981,29982,29982,29983,29986,29987]} 1. c4 g6 2. g3 Bg7 3. Bg2 d6 4. Nc3 e5 5. d3 Nf6 6. e4 O-O 7. Nge2 c6 8. O-O Na6 9. h3 {LiveBook: 29 Games} Bd7 {A24: English Opening vs King's Indian: Lines without ...Nc6} 10. Be3 h6 ({Better is} 10... b5 $14) 11. Qd2 $16 Kh7 {White is better.} 12. d4 Re8 $146 ({Predecessor:} 12... Qe7 13. Rad1 Rfd8 14. f4 {1-0 (51) Meyer,E (2340)-Babula,M Teeside 1974}) 13. Rfd1 Qe7 14. Kh2 Rad8 15. d5 cxd5 16. cxd5 b5 17. a4 bxa4 18. Nxa4 Rb8 19. Nac3 Bc8 20. Ra5 Nd7 {[%cal Bf6d7,Bd7c5,Bc5b3][%mdl 32]} 21. Bxa7 Ndc5 22. Bxb8 Nb3 23. Qc2 Nxa5 24. Bxd6 Qxd6 25. Qa4 Bd7 26. Qxa5 Rb8 27. Qa3 Bf8 28. Qxd6 Bxd6 29. Rd2 Nc5 30. h4 Nb3 31. Rd1 Bc8 32. Bh3 Ba6 33. Bf1 Kg7 (33... Nc5 $11) 34. Nc1 Bxf1 35. Nxb3 Rxb3 36. Rxf1 Rxb2 $14 {[%mdl 4096] Endgame KRB-KRN} 37. Kh3 h5 38. Kg2 Kf8 (38... Rc2 $11 39. Nd1 Bc5) 39. Rc1 Ke7 40. Nd1 Rd2 (40... Rb4 $142) 41. Ne3 $16 Ra2 42. Rc6 Bb8 {[#]} (42... Kd7 $16 43. Nc4 Bc7) 43. Nc4 $1 $18 Ba7 44. Rc7+ ({Weaker is} 44. Nxe5 Rxf2+ 45. Kh3 Bd4 $14) 44... Kf8 45. Nxe5 $2 (45. Rc8+ $18 Kg7 46. d6 (46. Nxe5 Bxf2 47. Nf3 f6 $11) 46... Bxf2 47. d7 Bc5+ 48. Kh3) 45... Rxf2+ $11 46. Kh3 Bd4 47. Nc6 Rd2 48. Rb7 f5 (48... Bg1 $1 $11 {keeps the balance.} 49. Rb8+ Kg7) 49. exf5 gxf5 {( -> ...Bg1)} 50. Rb1 ({White should try} 50. Nxd4 $16 Rxd4 51. Rh7) 50... Bc5 51. Ne5 Rxd5 52. Ng6+ $1 Kf7 53. Nf4 $1 {[%csl LRd5,LRh5]} Rd2 54. Rb5 Rc2 55. Rb7+ Kf6 56. Rc7 {And now Nd3 would win.} Ke5 57. Nxh5 {Nf4 is the strong threat.} Kd6 58. Rf7 Ke6 59. Rf6+ Ke5 60. Rc6 Rc3 $2 (60... Rc1 $16 {was called for.}) 61. Nf4 $18 Ke4 62. h5 Kf3 {[#]} 63. Ne6 $2 (63. Rc7 $1 $18) 63... Kf2 $1 $14 64. h6 $1 Rxg3+ 65. Kh4 Be7+ 66. Kh5 Rg1 $2 (66... f4 $1 $14) 67. Rc7 Bb4 $2 (67... Rh1+ 68. Kg6 Rg1+ 69. Kxf5 Rh1) 68. h7 $18 Rh1+ 69. Kg6 Ke3 70. Ng7 {Black must now prevent Nh5.} Bd6 71. Nxf5+ {White mates.} Kf4 72. Nxd6 Ke5 73. Nf7+ Ke6 74. h8=Q {Precision: White = 53%, Black = 47%.} 1-0

[Event "92nd ARG-ch Final 2017"]
[Site "Buenos Aires"]
[Date "2017.10.15"]
[Round "4"]
[White "Pichot, Alan"]
[Black "Perez Ponsa, Federico"]
[Result "1/2-1/2"]
[WhiteElo "2571"]
[BlackElo "2594"]
[Annotator "TA"]
[PlyCount "85"]
[EventDate "2017.10.12"]
[EventType "tourn"]
[EventCountry "ARG"]
[SourceTitle "playchess.com"]
[Source "ChessBase"]
[SourceQuality "1"]

{[%evp 14,85,14,22,22,17,45,26,20,13,28,11,11,20,30,0,40,16,58,58,56,70,77,59,106,96,163,11,6,9,7,7,14,13,18,-7,72,67,64,59,70,42,65,0,0,0,0,0,0,0,0,0,0,0,0,0,0,0,0,0,0,0,0,0,0,0,0,0,0,0,0,0,0,0]} 1. e4 c6 2. d4 d5 3. Nc3 dxe4 4. Nxe4 Nf6 5. Nxf6+ exf6 6. c3 Bd6 7. Bd3 O-O 8. Qc2 Re8+ {B15: Caro-Kann: 3 Nc3: 3...g6 and 3...dxe4 4 Nxe4 Nf6 5 Nxf6+ exf6} 9. Ne2 h5 (9... g6 10. h4 Be6 11. h5 f5 12. Be3 Qf6 13. O-O-O Nd7 14. c4 b5 15. hxg6 hxg6 16. c5 Bc7 17. Rh6 Qg7 18. Rh4 {1-0 (40) Savchenko,B (2602)-Maghsoodloo,P (2590) Khomeyn 2017}) 10. Be3 Nd7 {White has an edge.} 11. O-O-O Nf8 12. Kb1 Be6 13. c4 $146 ({Predecessor:} 13. Nf4 Bxf4 14. Bxf4 b5 15. Be4 Bd5 16. Rhe1 Bxe4 17. Rxe4 {0-1 (52) Abrahamyan,T (2364)-Krush,I (2444) Saint Louis 2017}) 13... Rc8 14. Ng3 Bg4 15. Rc1 Bxg3 16. hxg3 b5 17. Qd2 bxc4 18. Bxc4 Qe7 {[#]} 19. Ka1 $1 Nd7 (19... g6 $16) 20. d5 $2 (20. Bf4 $18) 20... cxd5 $11 21. Bxd5 Nb6 {aiming for ...Rxc1+.} 22. Bb3 Rxc1+ 23. Qxc1 Rc8 24. Qf1 Qb7 (24... g6 $11 {keeps the balance.}) 25. f3 $16 Be6 {[#] Threatens to win with ...Bxb3.} 26. Qb5 $1 {[%cal Rb5h5]} g6 27. Bxe6 fxe6 28. Rc1 (28. g4 $14) 28... Rxc1+ $11 {The position is equal.} 29. Bxc1 Qc8 {[%cal Rc8c1]} (29... Kf7 {is more complex.} 30. Be3 Qc7 31. Kb1 Qxg3 32. Bxb6 Qe1+) 30. Kb1 Nd5 31. Bd2 Kf7 32. a4 a6 33. Qd3 Qc6 34. Qd4 e5 35. Qa7+ Ke6 36. b3 Qb6 (36... Qd6 {feels hotter.} 37. Qb7 Nc7 38. Qc8+ Kf7 39. Bb4 Qxb4 40. Qxc7+ Ke6) 37. Qxb6+ Nxb6 {[%mdl 4096] Endgame KB-KN} 38. Kc2 Kd5 39. Be3 Nc8 40. Kc3 Ne7 41. b4 Nf5 42. Bf2 Nd6 43. Bc5 {Precision: White = 68%, Black = 54%.} 1/2-1/2